[Event "Open Ciudad de San Sebastián 2018"]
[Site "San Sebastian ESP"]
[Date "2018.03.29"]
[Round "7.11"]
[White "Moreno Estebanez, Patxi"]
[Black "Cinza Lopez, Javier"]
[Result "1-0"]
[WhiteElo "2190"]
[BlackElo "1976"]
[PlyCount "131"]
[EventDate "2018.03.24"]
[EventType "swiss"]
[EventRounds "9"]
[EventCountry "ESP"]
[SourceTitle "Ajedrez en Madrid"]
[Source "lmi"]
[SourceDate "2018.03.24"]
[SourceVersion "1"]
[SourceVersionDate "2018.04.01"]
[SourceQuality "1"]

1. d4 d5 2. Bg5 Bf5 3. e3 Nd7 4. c4 c6 5. Nf3 Ngf6 6. Nc3 e6 7. Be2 Be7 8. O-O
h6 9. Bf4 Nh5 10. c5 Nxf4 11. exf4 O-O 12. Bd3 Bg4 13. h3 Bxf3 14. Qxf3 b6 15.
b4 bxc5 16. bxc5 Rb8 17. Rab1 Qa5 18. Bc2 Bf6 19. Qd3 g6 20. Ne2 Rxb1 21. Rxb1
Rb8 22. Bb3 Rb4 23. g3 Nb8 24. h4 h5 25. Kg2 Kf8 26. f3 Ke7 27. g4 Qb5 28. Qe3
Qb7 29. f5 gxf5 30. gxf5 Qc8 31. a3 Rb7 32. Nf4 Na6 33. fxe6 fxe6 34. Re1 Nc7
35. Ba4 Qg8+ 36. Kh3 Qh7 37. Re2 Qf5+ 38. Kg3 Rb8 39. Bc2 Bxh4+ 40. Kxh4 Qf6+
41. Kh3 Rg8 42. Qe5 Qxe5 43. Rxe5 Rb8 44. Bf5 Rb3 45. Nxe6 Rxf3+ 46. Kg2 Rxf5
47. Nxc7+ Rxe5 48. dxe5 d4 49. Kf3 h4 50. Na6 d3 51. Nb4 d2 52. Ke2 h3 53. Nd3
h2 54. Nf2 Ke6 55. Kxd2 Kd5 56. Ke3 Kxe5 57. Ng4+ Kd5 58. Nxh2 Kxc5 59. Kd3 Kb5
60. Kc3 Ka4 61. Kb2 c5 62. Ng4 c4 63. Ne3 c3+ 64. Ka2 a5 65. Nc2 Kb5 66. Kb3
1-0

[Event "Open Ciudad de San Sebastián 2018"]
[Site "San Sebastian ESP"]
[Date "2018.03.29"]
[Round "7.12"]
[White "Pascual Garcia, Martin"]
[Black "Alfaro Garcia Del Cerro, Juan L"]
[Result "0-1"]
[WhiteElo "1782"]
[BlackElo "2176"]
[PlyCount "96"]
[EventDate "2018.03.24"]
[EventType "swiss"]
[EventRounds "9"]
[EventCountry "ESP"]
[SourceTitle "Ajedrez en Madrid"]
[Source "lmi"]
[SourceDate "2018.03.24"]
[SourceVersion "1"]
[SourceVersionDate "2018.04.01"]
[SourceQuality "1"]

1. c4 c5 2. g3 g6 3. Bg2 Bg7 4. Nc3 Nc6 5. a3 d6 6. Nf3 a5 7. d3 e5 8. Bg5 f6
9. Be3 Nge7 10. Nd2 Be6 11. Nd5 Rb8 12. Nxe7 Qxe7 13. O-O O-O 14. Rb1 Qd7 15.
Nb3 b5 16. Bxc6 Qxc6 17. Nxa5 Qa8 18. b4 cxb4 19. axb4 Bh3 20. f3 Bxf1 21. Kxf1
f5 22. cxb5 Rxb5 23. Kf2 Rfb8 24. Rc1 Rc8 25. Qa4 Rxc1 26. Qxb5 Rc8 27. Qd7 d5
28. Nb7 d4 29. Bg5 h6 30. Nd6 Rb8 31. Qf7+ Kh7 32. Bf6 Rg8 33. Be7 Qc6 34. h4
h5 35. b5 Qd7 36. b6 Rb8 37. Kg2 Kh8 38. Qxg6 Qxe7 39. Nf7+ Kg8 40. Nh6+ Kf8
41. Qh7 Qe6 42. Nxf5 Qf7 43. Nxg7 Qxg7 44. Qxh5 Rxb6 45. Qf5+ Kg8 46. h5 Qf6
47. Qc8+ Kg7 48. Qg4+ Kh6 0-1

[Event "Open Ciudad de San Sebastián 2018"]
[Site "San Sebastian ESP"]
[Date "2018.03.30"]
[Round "8.1"]
[White "Martinez Duany, Lelys Stanley"]
[Black "Sielecki, Christof"]
[Result "1/2-1/2"]
[WhiteElo "2499"]
[BlackElo "2435"]
[PlyCount "28"]
[EventDate "2018.03.24"]
[EventType "swiss"]
[EventRounds "9"]
[EventCountry "ESP"]
[SourceTitle "Ajedrez en Madrid"]
[Source "lmi"]
[SourceDate "2018.03.24"]
[SourceVersion "1"]
[SourceVersionDate "2018.04.01"]
[SourceQuality "1"]

1. e4 e5 2. Nf3 Nf6 3. Nxe5 d6 4. Nf3 Nxe4 5. d4 d5 6. Bd3 Be7 7. O-O Bf5 8.
Re1 O-O 9. Nbd2 Nd6 10. Nf1 Bxd3 11. Qxd3 Nd7 12. Ng3 Nf6 13. Qb3 a5 14. a4 Ra6
1/2-1/2

[Event "Open Ciudad de San Sebastián 2018"]
[Site "San Sebastian ESP"]
[Date "2018.03.30"]
[Round "8.2"]
[White "Del Rio De Angelis, Salvador G"]
[Black "Iruzubieta Villaluenga, Jesus M"]
[Result "1-0"]
[WhiteElo "2535"]
[BlackElo "2426"]
[PlyCount "97"]
[EventDate "2018.03.24"]
[EventType "swiss"]
[EventRounds "9"]
[EventCountry "ESP"]
[SourceTitle "Ajedrez en Madrid"]
[Source "lmi"]
[SourceDate "2018.03.24"]
[SourceVersion "1"]
[SourceVersionDate "2018.04.01"]
[SourceQuality "1"]

1. d4 Nf6 2. c4 g6 3. Nc3 Bg7 4. e4 d6 5. Nf3 O-O 6. Be2 Na6 7. O-O e5 8. Be3
c6 9. d5 Nh5 10. g3 c5 11. Ne1 Bh3 12. Bxh5 gxh5 13. Qxh5 Qd7 14. Ng2 Nb4 15.
Bh6 Nc2 16. Bxg7 Kxg7 17. Qg5+ Kh8 18. Qf6+ Kg8 19. Rac1 Nd4 20. f4 Rae8 21.
Rf2 Bxg2 22. Kxg2 Qe7 23. fxe5 Qxe5 24. g4 a6 25. a4 Nb3 26. Re1 Na5 27. Qh6 f6
28. Rf5 Qe7 29. e5 fxe5 30. Ne4 Rxf5 31. gxf5 Qg7+ 32. Qxg7+ Kxg7 33. Rc1 Rd8
34. Rc3 Kf7 35. b3 Rg8+ 36. Kh3 Rg1 37. Rf3 Re1 38. Ng5+ Kf6 39. Nxh7+ Kf7 40.
f6 Rg1 41. Kh4 Rg8 42. Ng5+ Kg6 43. f7 Rf8 44. Kg4 e4 45. Re3 b5 46. axb5 axb5
47. Rxe4 Nxb3 48. cxb5 Nd4 49. Re8 1-0

[Event "Open Ciudad de San Sebastián 2018"]
[Site "San Sebastian ESP"]
[Date "2018.03.30"]
[Round "8.3"]
[White "Aguero Jimenez, Luis Lazaro"]
[Black "Venkatesh, M.R.."]
[Result "0-1"]
[WhiteElo "2463"]
[BlackElo "2487"]
[PlyCount "108"]
[EventDate "2018.03.24"]
[EventType "swiss"]
[EventRounds "9"]
[EventCountry "ESP"]
[SourceTitle "Ajedrez en Madrid"]
[Source "lmi"]
[SourceDate "2018.03.24"]
[SourceVersion "1"]
[SourceVersionDate "2018.04.01"]
[SourceQuality "1"]

1. e4 e5 2. Nf3 Nc6 3. Bb5 a6 4. Ba4 Nf6 5. O-O Bc5 6. c3 b5 7. Bc2 d5 8. d4
dxe4 9. Nbd2 exf3 10. Qxf3 Bb7 11. dxc5 Qe7 12. Ne4 Nd7 13. Bg5 f6 14. Be3
O-O-O 15. a4 b4 16. Qe2 Qe6 17. Ng3 g6 18. Bd3 Ndb8 19. Bc4 Qe7 20. Ne4 Rhe8
21. Rfc1 b3 22. Bxb3 Na5 23. Bc2 Bxe4 24. Bxe4 Nb3 25. Qf3 Rd7 26. Bc6 e4 27.
Bxd7+ Nxd7 28. Qe2 Qe6 29. Rd1 Nxa1 30. Rxa1 Ne5 31. Bd4 Nd3 32. f3 f5 33. fxe4
Qxe4 34. Qf1 Re6 35. b3 Nf4 36. Kh1 Ne2 37. Qf2 g5 38. Qf3 f4 39. Rd1 c6 40. b4
h5 41. Qxe4 Rxe4 42. Bf6 g4 43. Bd4 Re6 44. g3 f3 45. Ra1 Re4 46. Rd1 Kc7 47.
a5 Kc8 48. Bf6 Re3 49. Bg5 Rxc3 50. Rb1 Rc2 51. Be3 h4 52. Bf2 Nc3 53. Rf1 Ne4
54. Be1 Rc1 0-1

[Event "Open Ciudad de San Sebastián 2018"]
[Site "San Sebastian ESP"]
[Date "2018.03.30"]
[Round "8.4"]
[White "Alfaro Garcia Del Cerro, Juan L"]
[Black "Vazquez Igarza, Renier"]
[Result "0-1"]
[WhiteElo "2176"]
[BlackElo "2559"]
[PlyCount "58"]
[EventDate "2018.03.24"]
[EventType "swiss"]
[EventRounds "9"]
[EventCountry "ESP"]
[SourceTitle "Ajedrez en Madrid"]
[Source "lmi"]
[SourceDate "2018.03.24"]
[SourceVersion "1"]
[SourceVersionDate "2018.04.01"]
[SourceQuality "1"]

1. Nf3 g6 2. d4 Bg7 3. c4 c5 4. e4 d6 5. Be3 Bg4 6. Nc3 Bxf3 7. gxf3 cxd4 8.
Bxd4 Nf6 9. Be2 O-O 10. O-O Nc6 11. Be3 Nd7 12. Qd2 Nc5 13. Rac1 Ne6 14. Rfd1
Ned4 15. Nb5 e5 16. f4 Qh4 17. Nxd6 exf4 18. Bxd4 Bxd4 19. Bf3 Rad8 20. c5 b6
21. b4 bxc5 22. bxc5 Rb8 23. Rc2 Be5 24. Qd5 Qg5+ 25. Kf1 Nb4 26. Qc4 Nxc2 27.
Qxc2 Rb2 28. Qc4 Qh4 29. Be2 f3 0-1

[Event "Open Ciudad de San Sebastián 2018"]
[Site "San Sebastian ESP"]
[Date "2018.03.30"]
[Round "8.5"]
[White "Prieto Aranguren, Alain"]
[Black "Pulvett Marin, Daniel"]
[Result "1-0"]
[WhiteElo "2261"]
[BlackElo "2459"]
[PlyCount "71"]
[EventDate "2018.03.24"]
[EventType "swiss"]
[EventRounds "9"]
[EventCountry "ESP"]
[SourceTitle "Ajedrez en Madrid"]
[Source "lmi"]
[SourceDate "2018.03.24"]
[SourceVersion "1"]
[SourceVersionDate "2018.04.01"]
[SourceQuality "1"]

1. d4 d5 2. c4 Nc6 3. Nf3 Bg4 4. cxd5 Bxf3 5. gxf3 Qxd5 6. e3 e5 7. Nc3 Bb4 8.
Bd2 Bxc3 9. bxc3 Qd6 10. Rb1 b6 11. f4 exf4 12. e4 O-O-O 13. Qg4+ Kb8 14. Bxf4
Qe7 15. Bd3 Nf6 16. Qe2 Rhe8 17. f3 Nh5 18. Be3 f5 19. O-O f4 20. Bf2 Rd6 21.
Kh1 Qd7 22. Be1 Ne7 23. Rb5 Nd5 24. c4 Ng3+ 25. hxg3 Rh6+ 26. Kg1 Ne3 27. gxf4
c5 28. Qxe3 Qh3 29. Qd2 Rg6+ 30. Kf2 Rg2+ 31. Ke3 Rxe4+ 32. Bxe4 Rxd2 33. Bxd2
Qxf1 34. dxc5 Qxc4 35. Bd3 Qxa2 36. Bc3 1-0

[Event "Open Ciudad de San Sebastián 2018"]
[Site "San Sebastian ESP"]
[Date "2018.03.30"]
[Round "8.6"]
[White "Muñoz Avila, Jose Luis"]
[Black "Hernandez Sanchez, Elvis De La C"]
[Result "0-1"]
[WhiteElo "2055"]
[BlackElo "2261"]
[PlyCount "84"]
[EventDate "2018.03.24"]
[EventType "swiss"]
[EventRounds "9"]
[EventCountry "ESP"]
[SourceTitle "Ajedrez en Madrid"]
[Source "lmi"]
[SourceDate "2018.03.24"]
[SourceVersion "1"]
[SourceVersionDate "2018.04.01"]
[SourceQuality "1"]

1. d4 Nf6 2. Nf3 g6 3. c4 c5 4. Nc3 Bg7 5. e4 O-O 6. d5 d6 7. h3 e6 8. Bd3 exd5
9. cxd5 Nh5 10. O-O Nd7 11. Be3 Re8 12. Qd2 a6 13. a4 Rb8 14. Rfe1 Qc7 15. Rac1
Ne5 16. Nxe5 Bxe5 17. Na2 Qd8 18. b4 cxb4 19. Nxb4 Bd7 20. Rc4 a5 21. Na2 b5
22. axb5 Bxb5 23. Rcc1 Bxd3 24. Qxd3 Rb2 25. Rc2 Qb8 26. Rxb2 Qxb2 27. Qd2 Qb5
28. Rc1 Rb8 29. g3 a4 30. Nc3 Qc4 31. Na2 Qxe4 32. Nb4 Bg7 33. Na6 Rb1 34. Rxb1
Qxb1+ 35. Kh2 a3 36. Qa5 a2 37. Qd8+ Bf8 38. Bh6 Ng7 39. Bxg7 Kxg7 40. Nc7 a1=Q
41. Ne8+ Kg8 42. Nf6+ Qxf6 0-1

[Event "Open Ciudad de San Sebastián 2018"]
[Site "San Sebastian ESP"]
[Date "2018.03.30"]
[Round "8.7"]
[White "Pena Duarte, Fabian Dario"]
[Black "Segura Del Frago, Imanol"]
[Result "1-0"]
[WhiteElo "2207"]
[BlackElo "2007"]
[PlyCount "167"]
[EventDate "2018.03.24"]
[EventType "swiss"]
[EventRounds "9"]
[EventCountry "ESP"]
[SourceTitle "Ajedrez en Madrid"]
[Source "lmi"]
[SourceDate "2018.03.24"]
[SourceVersion "1"]
[SourceVersionDate "2018.04.01"]
[SourceQuality "1"]

1. Nf3 Nf6 2. g3 d5 3. Bg2 g6 4. O-O Bg7 5. c4 c6 6. d4 O-O 7. Ne5 Be6 8. c5
Ne4 9. b4 a5 10. f3 Nf6 11. bxa5 Nbd7 12. Nd3 Rxa5 13. Bd2 Ra7 14. Nc3 Bf5 15.
e4 dxe4 16. fxe4 Be6 17. e5 Nd5 18. Nxd5 Bxd5 19. Bxd5 cxd5 20. a4 Nb8 21. Rf4
Nc6 22. Qe1 Qd7 23. a5 g5 24. Rf2 Nxd4 25. Bxg5 Qg4 26. Qe3 Qe4 27. Re1 Qxe3
28. Bxe3 Nc6 29. Rb1 d4 30. Bg5 Nxe5 31. Nxe5 Bxe5 32. Bxe7 Re8 33. Bd6 Re6 34.
Rb6 d3 35. Bxe5 Rxe5 36. Rb5 Re1+ 37. Kg2 Ra1 38. Rb3 Rd1 39. Ra3 Ra8 40. Rf1
Rd2+ 41. Rf2 Rd1 42. Rb3 d2 43. Rd3 Rxa5 44. Rd8+ Kg7 45. Rd7 Kg6 46. Rd6+ Kg7
47. Rd7 Rxc5 48. Rfxf7+ Kg6 49. Rg7+ Kf6 50. Rxh7 Rcc1 51. Kh3 b5 52. Rh6+ Ke5
53. Rhd6 b4 54. Rd5+ Ke4 55. Rxd2 Rxd2 56. Rxd2 b3 57. Rb2 Rc3 58. Kg4 Ke5 59.
h4 Kf6 60. Rf2+ Kg6 61. h5+ Kh6 62. Rf6+ Kg7 63. Rb6 Kh7 64. Rb7+ Kh6 65. Rb6+
Kg7 66. Kf4 Rc4+ 67. Kg5 Rc5+ 68. Kh4 Rc3 69. g4 Kh7 70. Rb7+ Kg8 71. Rb5 Kg7
72. Kg5 Rg3 73. Kf4 Rh3 74. Kf5 Rf3+ 75. Kg5 Rg3 76. Rb7+ Kg8 77. h6 Kh8 78.
Rb8+ Kh7 79. Rb7+ Kh8 80. Kh5 Rc3 81. g5 Rg3 82. Rb8+ Kh7 83. g6+ Rxg6 84. Rb7+
1-0

[Event "Open Ciudad de San Sebastián 2018"]
[Site "San Sebastian ESP"]
[Date "2018.03.30"]
[Round "8.8"]
[White "Moreno Estebanez, Patxi"]
[Black "Zuloaga Erauskin, Markel"]
[Result "1-0"]
[WhiteElo "2190"]
[BlackElo "1843"]
[PlyCount "91"]
[EventDate "2018.03.24"]
[EventType "swiss"]
[EventRounds "9"]
[EventCountry "ESP"]
[SourceTitle "Ajedrez en Madrid"]
[Source "lmi"]
[SourceDate "2018.03.24"]
[SourceVersion "1"]
[SourceVersionDate "2018.04.01"]
[SourceQuality "1"]

1. Nf3 d5 2. g3 Nf6 3. Bg2 e6 4. O-O Be7 5. d3 O-O 6. Nbd2 Nc6 7. d4 b6 8. c4
Bb7 9. b3 Nb8 10. Bb2 Nbd7 11. Ne5 c5 12. e3 Rc8 13. Rc1 Qc7 14. cxd5 exd5 15.
Bh3 Rcd8 16. Nxd7 Nxd7 17. dxc5 bxc5 18. Nf3 Bf6 19. Bxf6 Nxf6 20. Bg2 Qe7 21.
Qc2 Rc8 22. Rfd1 Rfd8 23. Qb2 Nd7 24. Rd2 f6 25. Rdc2 a6 26. Qa3 Kf7 27. Qa5 g6
28. h4 Qd6 29. Ne1 Rc7 30. Nd3 Rdc8 31. Nf4 Qb6 32. Qd2 d4 33. Bxb7 Qxb7 34.
exd4 cxd4 35. Rxc7 Rxc7 36. Rxc7 Qxc7 37. Qxd4 Nb6 38. Qe4 f5 39. Qe6+ Kg7 40.
Qe8 Qd6 41. Ne6+ Kf6 42. Ng5 Qd1+ 43. Kh2 Qd5 44. Qf8+ Ke5 45. Qe7+ Kd4 46.
Qe3# 1-0

[Event "Open Ciudad de San Sebastián 2018"]
[Site "San Sebastian ESP"]
[Date "2018.03.30"]
[Round "8.9"]
[White "Dura Olmos, Gines Raul"]
[Black "Franco Alonso, Alejandro"]
[Result "0-1"]
[WhiteElo "1953"]
[BlackElo "2444"]
[PlyCount "67"]
[EventDate "2018.03.24"]
[EventType "swiss"]
[EventRounds "9"]
[EventCountry "ESP"]
[SourceTitle "Ajedrez en Madrid"]
[Source "lmi"]
[SourceDate "2018.03.24"]
[SourceVersion "1"]
[SourceVersionDate "2018.04.01"]
[SourceQuality "1"]

1. e4 c5 2. Nf3 e6 3. d4 cxd4 4. Nxd4 Nf6 5. Nc3 d6 6. g4 h6 7. h4 Be7 8. Bg2
g6 9. g5 hxg5 10. Bxg5 a6 11. f4 Nbd7 12. Qd3 e5 13. fxe5 Nxe5 14. Qg3 Bg4 15.
Bxf6 Bxf6 16. Nd5 Rc8 17. h5 Rxh5 18. Rxh5 Bxh5 19. Kf1 Ng4 20. c3 Be5 21. Qh3
Rc4 22. Nf5 Qg5 23. Qd3 Nh2+ 24. Kg1 Bf3 25. Nfe3 Rxe4 26. b4 Qg3 27. Qd2 Bxg2
28. Qxg2 Rxe3 29. Nxe3 Qxe3+ 30. Kh1 Qxc3 31. Rb1 Qc6 32. b5 axb5 33. Re1 Ng4
34. Re4 0-1

[Event "Open Ciudad de San Sebastián 2018"]
[Site "San Sebastian ESP"]
[Date "2018.03.30"]
[Round "8.10"]
[White "Forgas Moreno, Yaniela"]
[Black "Riekenbrauk, Joerg"]
[Result "1-0"]
[WhiteElo "2245"]
[BlackElo "1906"]
[PlyCount "71"]
[EventDate "2018.03.24"]
[EventType "swiss"]
[EventRounds "9"]
[EventCountry "ESP"]
[SourceTitle "Ajedrez en Madrid"]
[Source "lmi"]
[SourceDate "2018.03.24"]
[SourceVersion "1"]
[SourceVersionDate "2018.04.01"]
[SourceQuality "1"]

1. e4 Nf6 2. e5 Nd5 3. d4 d6 4. Nf3 dxe5 5. Nxe5 g6 6. Bc4 c6 7. Bb3 Bg7 8. O-O
O-O 9. Qe2 Nd7 10. c4 N5f6 11. Nf3 e6 12. Nc3 Qc7 13. h3 b6 14. Be3 Ba6 15.
Rac1 Rad8 16. Rfd1 Rfe8 17. Bg5 Rc8 18. Qd2 Rcd8 19. Qe3 Bb7 20. Ne5 c5 21. Nb5
Qb8 22. Nxd7 Rxd7 23. dxc5 Rxd1+ 24. Rxd1 bxc5 25. Nd6 Rd8 26. Qxc5 Ne4 27.
Nxe4 Rxd1+ 28. Bxd1 Bxe4 29. b3 Qb7 30. Qe7 Qxe7 31. Bxe7 Bd4 32. b4 Bd3 33. c5
f6 34. Ba4 Kf7 35. Bd8 a6 36. c6 1-0

[Event "Open Ciudad de San Sebastián 2018"]
[Site "San Sebastian ESP"]
[Date "2018.03.30"]
[Round "8.11"]
[White "Vicente Ezeiza, Mikel"]
[Black "Garcia Martinez, Marcos"]
[Result "1/2-1/2"]
[WhiteElo "1921"]
[BlackElo "2100"]
[PlyCount "56"]
[EventDate "2018.03.24"]
[EventType "swiss"]
[EventRounds "9"]
[EventCountry "ESP"]
[SourceTitle "Ajedrez en Madrid"]
[Source "lmi"]
[SourceDate "2018.03.24"]
[SourceVersion "1"]
[SourceVersionDate "2018.04.01"]
[SourceQuality "1"]

1. e4 e6 2. d4 d5 3. exd5 exd5 4. Bd3 Nc6 5. Ne2 Nb4 6. Bb5+ c6 7. Ba4 Bf5 8.
a3 Na6 9. O-O Nf6 10. Re1 Be7 11. Ng3 Bg4 12. Qd3 Nc7 13. c3 h5 14. Nf5 Bxf5
15. Qxf5 Qd7 16. Bc2 Qxf5 17. Bxf5 g6 18. Bf4 gxf5 19. Bxc7 Kd7 20. Be5 Rhg8
21. Bxf6 Bxf6 22. Nd2 Rae8 23. Kf1 b6 24. Rxe8 Rxe8 25. Re1 Re6 26. Rxe6 fxe6
27. f4 c5 28. Nf3 h4 1/2-1/2

[Event "Open Ciudad de San Sebastián 2018"]
[Site "San Sebastian ESP"]
[Date "2018.03.30"]
[Round "8.12"]
[White "Gorny, Michael"]
[Black "Lakunza Oyarbide, Juan Carlos"]
[Result "1-0"]
[WhiteElo "1989"]
[BlackElo "2057"]
[PlyCount "71"]
[EventDate "2018.03.24"]
[EventType "swiss"]
[EventRounds "9"]
[EventCountry "ESP"]
[SourceTitle "Ajedrez en Madrid"]
[Source "lmi"]
[SourceDate "2018.03.24"]
[SourceVersion "1"]
[SourceVersionDate "2018.04.01"]
[SourceQuality "1"]

1. d4 Nf6 2. c4 g6 3. Nc3 Bg7 4. e4 d6 5. Be2 O-O 6. Be3 e5 7. d5 Na6 8. g4 Nc5
9. f3 c6 10. h4 cxd5 11. cxd5 Ne8 12. h5 Bf6 13. hxg6 Bh4+ 14. Kd2 hxg6 15. Nh3
g5 16. Qg1 Nd7 17. Qh2 f6 18. Nf2 Rf7 19. Nd3 Nf8 20. a4 Rh7 21. Qg2 Nc7 22. a5
Bd7 23. Qg1 Qb8 24. Nb4 Ng6 25. Nc2 Kg7 26. b4 a6 27. Na3 Qe8 28. Nc4 Qe7 29.
Nb6 Rah8 30. Kc2 Qe8 31. Nc4 Qe7 32. Nb6 Kf8 33. Kb3 Qe8 34. Ra2 Bf2 35. Rxh7
Bxg1 36. Nxd7+ 1-0

[Event "Open Ciudad de San Sebastián 2018"]
[Site "San Sebastian ESP"]
[Date "2018.03.31"]
[Round "9.1"]
[White "Martinez Duany, Lelys Stanley"]
[Black "Del Rio De Angelis, Salvador G"]
[Result "1/2-1/2"]
[WhiteElo "2499"]
[BlackElo "2535"]
[PlyCount "42"]
[EventDate "2018.03.24"]
[EventType "swiss"]
[EventRounds "9"]
[EventCountry "ESP"]
[SourceTitle "Ajedrez en Madrid"]
[Source "lmi"]
[SourceDate "2018.03.24"]
[SourceVersion "1"]
[SourceVersionDate "2018.04.01"]
[SourceQuality "1"]

1. e4 g6 2. d4 Bg7 3. Nf3 d6 4. Bc4 Nf6 5. Qe2 O-O 6. O-O c6 7. Bb3 b6 8. e5
Nd5 9. Re1 Bg4 10. Nbd2 dxe5 11. dxe5 Nd7 12. h3 Be6 13. Nd4 Nxe5 14. Nxe6 fxe6
15. Nc4 Nxc4 16. Qxe6+ Kh8 17. Bxc4 Nf4 18. Qe4 Qd6 19. c3 b5 20. Bf1 Nd5 21.
Be3 Nxe3 1/2-1/2

[Event "Open Ciudad de San Sebastián 2018"]
[Site "San Sebastian ESP"]
[Date "2018.03.31"]
[Round "9.2"]
[White "Vazquez Igarza, Renier"]
[Black "Venkatesh, M.R.."]
[Result "1-0"]
[WhiteElo "2559"]
[BlackElo "2487"]
[PlyCount "55"]
[EventDate "2018.03.24"]
[EventType "swiss"]
[EventRounds "9"]
[EventCountry "ESP"]
[SourceTitle "Ajedrez en Madrid"]
[Source "lmi"]
[SourceDate "2018.03.24"]
[SourceVersion "1"]
[SourceVersionDate "2018.04.01"]
[SourceQuality "1"]

1. d4 Nf6 2. c4 e6 3. Nf3 Bb4+ 4. Bd2 Bxd2+ 5. Qxd2 d5 6. Nc3 O-O 7. e3 Qe7 8.
Rd1 Rd8 9. a3 dxc4 10. Bxc4 c5 11. Qe2 Nc6 12. O-O cxd4 13. exd4 b6 14. Rfe1
Bd7 15. Qc2 Qd6 16. d5 exd5 17. Nxd5 Nxd5 18. Ng5 Qh6 19. Nxf7 Kxf7 20. Rxd5
Kf8 21. Rxd7 Rxd7 22. Qf5+ Qf6 23. Qxh7 Ne5 24. Qg8+ Ke7 25. Qxa8 Qf4 26. g3
Qd4 27. Qg8 Kd6 28. Qe6+ 1-0

[Event "Open Ciudad de San Sebastián 2018"]
[Site "San Sebastian ESP"]
[Date "2018.03.31"]
[Round "9.3"]
[White "Sielecki, Christof"]
[Black "Pena Duarte, Fabian Dario"]
[Result "1-0"]
[WhiteElo "2435"]
[BlackElo "2207"]
[PlyCount "39"]
[EventDate "2018.03.24"]
[EventType "swiss"]
[EventRounds "9"]
[EventCountry "ESP"]
[SourceTitle "Ajedrez en Madrid"]
[Source "lmi"]
[SourceDate "2018.03.24"]
[SourceVersion "1"]
[SourceVersionDate "2018.04.01"]
[SourceQuality "1"]

1. Nf3 b6 2. g3 Bb7 3. Bg2 e5 4. c4 f5 5. O-O e4 6. Nd4 Qf6 7. Nb5 Na6 8. d3
Qe7 9. N1c3 c6 10. Nd4 exd3 11. e4 fxe4 12. Nxe4 O-O-O 13. Bf4 Qb4 14. Nf5 d5
15. Qg4 Nc7 16. Ne7+ Kb8 17. Bxc7+ Kxc7 18. Qf4+ Rd6 19. a3 g5 20. Qxf8 1-0

[Event "Open Ciudad de San Sebastián 2018"]
[Site "San Sebastian ESP"]
[Date "2018.03.31"]
[Round "9.4"]
[White "Iruzubieta Villaluenga, Jesus M"]
[Black "Moreno Estebanez, Patxi"]
[Result "1-0"]
[WhiteElo "2426"]
[BlackElo "2190"]
[PlyCount "149"]
[EventDate "2018.03.24"]
[EventType "swiss"]
[EventRounds "9"]
[EventCountry "ESP"]
[SourceTitle "Ajedrez en Madrid"]
[Source "lmi"]
[SourceDate "2018.03.24"]
[SourceVersion "1"]
[SourceVersionDate "2018.04.01"]
[SourceQuality "1"]

1. d4 Nf6 2. c4 g6 3. Nc3 Bg7 4. e4 d6 5. f3 O-O 6. Bg5 c5 7. d5 e6 8. Qd2 exd5
9. cxd5 Qa5 10. Bh6 Na6 11. Bxg7 Kxg7 12. Bxa6 Qxa6 13. Nge2 Bd7 14. O-O b5 15.
Ng3 Rfe8 16. Nd1 Qb6 17. Kh1 h6 18. Ne3 a6 19. Rae1 Re7 20. Rf2 Rae8 21. Rfe2
Re5 22. Nef1 b4 23. Ne3 Bb5 24. Rf2 Qd8 25. b3 h5 26. Qb2 Kg8 27. Rd1 Qe7 28.
Ngf1 Nd7 29. Nd2 Nb6 30. Qc2 Qc7 31. f4 R5e7 32. e5 Qb8 33. Ne4 dxe5 34. Nf6+
Kg7 35. Nxe8+ Rxe8 36. f5 Qd6 37. Qc1 a5 38. f6+ Kh7 39. Nf5 gxf5 40. Rxf5 Be2
41. Re1 Bg4 42. Rg5 Qxf6 43. Rf1 Qe7 44. d6 Qxd6 45. Rxf7+ Kh8 46. Rf1 Nd5 47.
Qd2 Qe7 48. Rxg4 hxg4 49. Qxd5 Rd8 50. Qc6 Rd4 51. Qh6+ Kg8 52. Qg6+ Kh8 53. g3
Qd8 54. Kg1 Rd2 55. Qh5+ Kg8 56. Qxg4+ Kh8 57. Qh5+ Kg8 58. Qg4+ Kh8 59. Qh5+
Kg8 60. Qg6+ Kh8 61. Qh6+ Kg8 62. Rf8+ Qxf8 63. Qg5+ Kf7 64. Qxd2 Ke6 65. Qd3
Qa8 66. h4 a4 67. h5 axb3 68. axb3 Qa1+ 69. Kh2 Qc3 70. Qg6+ Kd5 71. h6 Qe1 72.
h7 Qf2+ 73. Kh3 Qf1+ 74. Kg4 Qe2+ 75. Kg5 1-0

[Event "Open Ciudad de San Sebastián 2018"]
[Site "San Sebastian ESP"]
[Date "2018.03.31"]
[Round "9.5"]
[White "Pulvett Marin, Daniel"]
[Black "Gorny, Michael"]
[Result "1-0"]
[WhiteElo "2459"]
[BlackElo "1989"]
[PlyCount "45"]
[EventDate "2018.03.24"]
[EventType "swiss"]
[EventRounds "9"]
[EventCountry "ESP"]
[SourceTitle "Ajedrez en Madrid"]
[Source "lmi"]
[SourceDate "2018.03.24"]
[SourceVersion "1"]
[SourceVersionDate "2018.04.01"]
[SourceQuality "1"]

1. d4 Nf6 2. c4 g6 3. Nc3 d5 4. Nf3 Bg7 5. h4 c6 6. Bg5 dxc4 7. e3 b5 8. a4 Qb6
9. axb5 cxb5 10. b3 Be6 11. bxc4 bxc4 12. Qa4+ Bd7 13. Qa3 Nc6 14. Bxf6 exf6
15. Nd5 Qd8 16. Bxc4 Bf8 17. Qa6 Bg7 18. Bb5 Qc8 19. Qa3 Qd8 20. Qd6 Rc8 21.
O-O Ne7 22. Rxa7 Bxb5 23. Rxe7+ 1-0

[Event "Open Ciudad de San Sebastián 2018"]
[Site "San Sebastian ESP"]
[Date "2018.03.31"]
[Round "9.6"]
[White "Hernandez Sanchez, Elvis De La C"]
[Black "Prieto Aranguren, Alain"]
[Result "1-0"]
[WhiteElo "2261"]
[BlackElo "2261"]
[PlyCount "93"]
[EventDate "2018.03.24"]
[EventType "swiss"]
[EventRounds "9"]
[EventCountry "ESP"]
[SourceTitle "Ajedrez en Madrid"]
[Source "lmi"]
[SourceDate "2018.03.24"]
[SourceVersion "1"]
[SourceVersionDate "2018.04.01"]
[SourceQuality "1"]

1. e4 c6 2. Nf3 d5 3. exd5 cxd5 4. Ne5 Nc6 5. d4 e6 6. Bb5 Bd7 7. Bxc6 Bxc6 8.
O-O Nf6 9. Re1 Be7 10. Nd2 O-O 11. Nf1 Rc8 12. c3 b5 13. Bg5 a5 14. a3 Ne4 15.
Bxe7 Qxe7 16. Nd2 Nd6 17. Qf3 Qc7 18. Nd3 Nc4 19. Nb3 Rfe8 20. Qg3 Qxg3 21.
hxg3 Rb8 22. Re2 Rec8 23. g4 h6 24. f3 Be8 25. Nbc5 Nd6 26. Kf2 Nb7 27. Nxb7
Rxb7 28. Ke1 Rb6 29. Kd2 Rcb8 30. Rae1 Bd7 31. Nc5 Bc8 32. Nd3 Ba6 33. b4 a4
34. Re5 Bc8 35. g5 hxg5 36. Rxg5 f6 37. Rg3 Kf7 38. Rh1 R8b7 39. Rh8 Rc7 40.
Nf4 Rbc6 41. Nh5 g5 42. f4 Kg6 43. fxg5 fxg5 44. Rg8+ Kh6 45. Rh3 e5 46. Rh1
Rxc3 47. Ng3+ 1-0